00681nam a2200157 a 450000100100000000500170001000800410002704000250006810000340009324501110012726000720023830000280031050000630033895201050040199900170050600003779220240226135628.0130306s2003 dr a 000 0 spa d aDO-SdBNPbspacBNPHU1 aKlinger Pevida, Eduardo9224010aRelaciones bilaterales República Dominicana-Uruguay oportunidades de negocios /cEduardo Klinger Pevica. aSanto Domingo :bFundación Pro-Integración y Desarrollo,c2003. a307 p. :bil. ;c22 cm. aIncluye datos biográficos del autor en la contracubierta 0010718PDaPDbPDcCTd2013-03-06iLF1l0o p37792-10r2020-06-25w2020-06-25yLFPDZNo se presta c37282d37282